000 00667nam a22002057a 4500
005 20251108172506.0
008 250721s9999 xx 000 0 ara d
082 1 4 _a551.51فلا
100 1 _aفلافين، كريستوفر
245 1 0 _aطاقة الرياح: نقطة تحول /
264 1 _aالقاهرة :
_bالجمعية المصرية لنشر المعرفة والثقافة العالمية،
300 _a87ص
650 1 7 _aالرياح
650 1 7 _aالأحوال الجوية
650 1 7 _aالعواصف
650 1 7 _aطاقة الرياح
700 1 _aهدارة، سيد رمضان
_eمترجم
942 _2ddc
_cBK
999 _c80719
_d80719